| 000 | 00648cam a2200277 i 4500 | ||
|---|---|---|---|
| 001 | 0000826 | ||
| 003 | DO-SdBNP | ||
| 005 | 20180212114344.0 | ||
| 007 | 0000826 | ||
| 008 | 100514s 1993 sp a | |||| 000 f spa | ||
| 015 | _a | ||
| 017 |
_a _b |
||
| 020 | _a8434839385 | ||
| 035 | _a | ||
| 040 |
_aBPMSU _bspa _cBPMSU _e |
||
| 080 | _a | ||
| 100 | 1 | _aRuano, Alfonso | |
| 245 | 1 | 0 |
_aBesos / _h _cAlfonso Ruano |
| 260 |
_aMadrid : _bSm, _c1993. |
||
| 300 |
_a29 p.: _bil. _c19 cm. |
||
| 490 | 1 |
_aLos piratas _v15 |
|
| 830 | 0 |
_aLos piratas _n15 |
|
| 942 |
_2ddc _cBK |
||
| 945 | _aInventariado, 2018/ YL | ||
| 956 |
_aYLOCKWARD _cBPMSU _b10 |
||
| 999 |
_c12139 _d12139 |
||